000 00497nam a2200169 i 4500
001 41543
003 ES-MaACL
005 20250722063141.0
007 t|
008 030311s1950 sp ||||1| spa d
100 1 _aCasp, Xavier,
_d1915-2004
_936331
245 1 0 _aAires de canço
_b: poemes /
_cXavier Casp.
260 _a[Barcelona] :
_bLa Revista,
_c1950 (
_eSabadell :
_fJuán Gallent)
300 _a87 p. ;
_c20 cm.
852 _aES-MaACL
_jD-7884
_bR.30241
999 _c41543
_d41543